Socialism in one country 1924-1926
-д хадгалсан:
| Үндсэн зохиолч: | |
|---|---|
| Формат: | Ном |
| Хэл сонгох: | англи |
| Хэвлэсэн: |
Harmondsworth
Penguin Book
1972
|
| Цуврал: | A History of Soviet Russia
|
| Нөхцлүүд: | |
| Шошгууд: |
Шошго нэмэх
Шошго байхгүй, Энэхүү баримтыг шошголох эхний хүн болох!
|
MARC
| LEADER | 00000nam a2200000 a 4500 | ||
|---|---|---|---|
| 001 | UCS2459 | ||
| 003 | CL-VaPUC | ||
| 008 | 970530e19720000uk |||||||||||||||||eng|d | ||
| 082 | 0 | 4 | |a 947.084 |b CAR |2 21 |
| 100 | 0 | |a Carr, Edward Hallett |e author |9 387901 | |
| 245 | 1 | 0 | |a Socialism in one country 1924-1926 |
| 300 | |a v | ||
| 942 | |c BK | ||
| 945 | |d 19970530 00:00:00 |a rleighto | ||
| 260 | |a Harmondsworth |b Penguin Book |c 1972 | ||
| 650 | 0 | |a Historia siglo 20 |9 255736 | |
| 650 | 0 | |a Partido comunista |9 340375 | |
| 650 | 0 | |a Comunismo |9 255588 | |
| 650 | 7 | |a MARXISMO |2 CL-VaPUC |9 387902 | |
| 651 | 0 | |a Unión Soviética |9 256769 | |
| 490 | 0 | |a A History of Soviet Russia | |
| 999 | |c 260415 |d 260413 | ||
| 583 | |k Rodrigo Vera | ||
| 952 | |0 0 |1 0 |4 0 |6 947_084000000000000_CAR_1972 |7 0 |8 A |9 286548 |a BIBHIS |b BIBHIS |d 2019-11-19 |h v.3 |i 3310647 |o 947.084 CAR 1972 |p 3310647 |r 2025-01-20 |w 2019-11-19 |y BK |k HIS | ||